Geography Numbers Quiz Stats

 Plays Quiz not verified by Sporcle

Challenge
Share
Tweet
Embed
Score 0/190 Timer 18:00
0 Plays Today
% Correct
United Kingdom
96%
United Kingdom (3)
95.9%
Denmark
94.8%
Denmark
94.3%
Sweden
93.8%
Germany (1)
93.6%
Russia
93.6%
Russia
93.6%
France (2)
93.5%
Brazil
93%
Norway
92.7%
Argentina
92.5%
Chile
92.3%
New York
92.1%
New York
92.1%
Spain (5)
91.8%
Uruguay
91.1%
Italy (4)
91.1%
Paraguay
90.9%
India
90.7%
Peru
90.2%
Earth
89.6%
Colombia
89.3%
Georgia
89.1%
Georgia
89.1%
Bolivia
89.1%
Vietnam
88.9%
Vietnam
88.9%
Venezuela
88.8%
Ukraine
88.7%
Ireland
88.6%
Portugal
88.5%
Ecuador
88.3%
Egypt
88.3%
Mongolia
87.7%
North Korea
87.5%
Alaska
87.4%
Poland (6)
87.2%
Laos
87.2%
Laos
87.2%
Washington
87.1%
Ireland
86.9%
Hawaii
86.8%
Nepal
86.7%
Latvia
86.6%
Vatican City
86.6%
Serbia
86.6%
Morocco
86.3%
Kazakhstan
86.2%
Kazakhstan
86.2%
Iceland
86.1%
Estonia
86%
Maine
85.9%
Lesotho
85.7%
Lithuania
85.6%
Suriname
85.6%
Guyana
85.2%
Belarus
84.8%
Thailand
84.7%
Croatia
84.7%
Libya
84.7%
Tunisia
84.7%
San Marino
84.5%
San Marino
84.5%
% Correct
Algeria
84.4%
Lesotho
84.3%
New Hampshire
84.1%
New Hampshire
84.1%
Canada
84.1%
Slovenia
83.9%
Houston (1)
83.8%
Tajikistan
83.5%
Tajikistan
83.5%
Dallas (3)
83.3%
San Marino
83.3%
Indonesia
83.1%
Turkmenistan
82.9%
Singapore
82.8%
Myanmar
82.7%
Myanmar
82.7%
Bosnia and Herzegovina
82.6%
Uzbekistan
82.6%
South Korea
82.2%
Singapore
82.2%
Vermont
82.2%
Macedonia
82.1%
Kyrgyzstan
82%
Kyrgyzstan
82%
North Dakota
81.6%
Montenegro
81.6%
Kosovo
81.2%
Cambodia
81%
Austin (4)
80.6%
Malaysia
80.5%
Azerbaijan
80.4%
Montana
79.9%
Armenia
79.8%
Bhutan
79.8%
Pakistan
79.3%
Massachusetts Bay
78.7%
Virginia
78.6%
Afghanistan
77.8%
Greece (10)
77.8%
Netherlands (8)
77.7%
Rhode Island and Providence Plantations
77.3%
New Jersey
77.2%
Minnesota
77.1%
North Carolina
76.5%
Pennsylvania
76.4%
Moldova
76.1%
South Carolina
75.6%
Scotland
75.5%
Delaware
75.4%
Wales
75%
Romania (7)
74.9%
Brunei
74.6%
Idaho
74.4%
Brunei
74%
Maryland
73.6%
Connecticut
73.6%
Belgium (9)
73.3%
Philippines
71.1%
Haiti
71%
England
70.7%
Dominican Republic
70.6%
Czechia (11)
70%
San Antonio (2)
66.7%
Northern Ireland
66%
% Correct
Boston
62.9%
Timor-Leste
62.8%
Monaco
62.5%
Atlanta
60.7%
Phoenix
59.9%
Papua New Guinea
59.1%
Stockholm
58.7%
Fort Worth (5)
57.2%
Denver
56.2%
Isle of Man
55.6%
El Paso (6)
54.3%
Vatican City
52.6%
Santiago
51.8%
Oklahoma
51.5%
Boise
50.1%
Indianapolis
49.8%
Seoul
49.8%
Salt Lake City
49.6%
Honolulu
48.4%
Columbus
48.2%
Qatar
47.8%
Jersey
47.6%
Jackson
46.3%
The Gambia
44.2%
Guernsey
43.7%
Sarajevo
43.4%
San Salvador
42.8%
Columbia
42.5%
Providence
42.4%
Gibraltar
42%
Little Rock
41.6%
Des Moines
41.4%
Falkland Islands
41.1%
Cheyenne
40.9%
Bermuda
40.4%
Charleston
39.5%
San José
39.5%
British Virgin Islands
37%
Sana'a
35.9%
Santo Domingo
35.7%
Suva
35.5%
Saint John's
33.8%
Bahrain
33.4%
Sofia
31.2%
Saint George's
30.2%
São Tomé
30%
Skopje
29.8%
Cyprus
29.1%
Cayman Islands
23.3%
British Antarctic Territory
19.1%
Sri Jayawardenepura Kotte
17.9%
Anguilla
17.3%
Montserrat
15.9%
Sucre
15.2%
South Georgia and the South Sandwich Islands
14.7%
Turks and Caicos Islands
13.1%
Ascension Island
12.7%
British Indian Ocean Territory
12.6%
Saint Helena
12.6%
Tristan da Cunha
9.7%
Akrotiri and Dhekelia
8.6%
Pitcairn Islands
8%

You're not logged in!

Compare scores with friends on all Sporcle quizzes.
OR
Log In

You Might Also Like...

Show Comments

Extras

Editor's Pick Dec 31, 2016ReportNominate
Tags:Numbers Quiz, classic, countdown

Top Quizzes Today


Score Distribution

Your Account Isn't Verified!

In order to create a playlist on Sporcle, you need to verify the email address you used during registration. Go to your Sporcle Settings to finish the process.

Report this User

Report this user for behavior that violates our Community Guidelines.

Details: